Score 0/12 Timer 00:45
0 Plays Today
% Correct
Eeyore
92.7%
Éomer
80.8%
Eric Coulter
77.6%
Effie Trinket
76%
Elmer
68.4%
Evangeline St. Clare
67.4%
Ella of Frell
63.3%
Emmeline Grangerford
55.9%
Esperanza Ortega
55.6%
Egwene al'Vere
51.1%
Elizabeth Wakefield
50.5%
Emily Hayes
32.9%
Remove Ads.
Support Sporcle.
Get the best of Sporcle when you Go Orange. This ad-free experience offers more features, more stats, and more fun while also helping to support Sporcle. Thank you for becoming a member.

You're not logged in!

Compare scores with friends on all Sporcle quizzes.
OR
Log In

Show Comments

Extras

Top Quizzes Today


Score Distribution

Your Account Isn't Verified!

In order to create a playlist on Sporcle, you need to verify the email address you used during registration. Go to your Sporcle Settings to finish the process.

Report this User

Report this user for behavior that violates our Community Guidelines.

Details: